000
00269nam a22001217a 4500
041
_a
ENG
100
_a
Raghuwanshi .B.S
245
_a
A Course In Workshop Technology Vol 1
260
_a
Pune
_b
Dhanpat Rai & Co
_c
1998
300
_a
A-10
650
_a
FMP
856
_u
FMP
999
_c
520
_d
520